000 00916nam a2200265 i 4500
001 134856
003 ES-MaACL
005 20250901034334.0
007 t|
008 070629s1977 sp ||||1| spa d
020 _a84-7222-318-3
080 _a323.381.2(410)"17/18"
100 1 _aThompson, Edward.
_9110077
245 1 3 _aLa formación histórica de la clase obrera
_b: Inglaterra, 1780-1832 /
_cEdward Thompson ; [traducción de Ángel Abad].
250 _a1ª ed.
260 _aBarcelona :
_bLaia,
_c1977.
300 _a3 v. ;
_c18 cm.
490 1 _aEdiciones de bolsillo ;
_v474
505 0 _a1. [El árbol de la libertad] - 2. [La carrera de Adán] - 3. [La presencia de la clase obrera]
650 1 4 _aClase trabajadora-
_zGran Bretaña.
_9171807
700 1 _aAbad, Ángel
_917894
830 1 _aEdiciones de bolsillo ;
_v474
_9180756
852 _aES-MaACL
_jA-6608-10
999 _c134856
_d134856